Fifa 21 Top 25 Portugal Players - Statistics

General Stats
  • This quiz has been taken 156 times
  • The average score is 15 of 25
Answer Stats
Rating Team Player % Correct
92 Piemonte Calcio Cristiano Ronaldo
99%
87 Manchester United Bruno Fernandes
97%
87 Manchester City Bernardo Silva
94%
83 Manchester City Joao Cancelo
81%
81 Manchester City Ruben Dias
78%
81 Atletico Madrid Joao Felix
76%
80 Liverpool Diogo Jota
75%
84 Wolves Rui Patricio
75%
82 Wolves Ruben Neves
74%
84 Borussia Dortmund Raphael Guerreiro
73%
83 Wolves Joao Moutinho
71%
82 PSG Danilo Pereira
70%
85 Leicester City Ricardo Pereira
69%
81 FC Porto Pepe
61%
80 Orlando City Nani
60%
83 Olympique Lyon Anthony Lopes
54%
81 Valencia CF Goncalo Guedes
54%
83 Wolves Nelson Semedo
53%
83 SL Benfica Rafa
46%
80 Real Betis William Carvalho
46%
84 SL Benfica Pizzi
38%
80 Sporting CP Joao Mario
32%
80 AS Monaco Gelson Martins
30%
80 SL Benfica Andre Almeida
15%
79 Sporting CP Vitorino Antunes
6%
No matching quizzes found
Score Distribution
Percent of People with Each Score
Percentile by Number Answered
Your Score History
You have not taken this quiz